| 000 | 01264nas a2200313 4500 | ||
|---|---|---|---|
| 001 | 113347 | ||
| 003 | DR-UNIBE | ||
| 005 | 20250922093226.0 | ||
| 008 | 250318b1999 mx ||||| |||| 00| 0 spa d | ||
| 022 | _a1405-9193 (impreso) | ||
| 022 | _a2448-4881 (electrónico) | ||
| 040 |
_aBiblioteca UNIBE _cBiblioteca UNIBE |
||
| 041 | _aspa | ||
| 082 |
_222 _aPP 342.725205 C965c |
||
| 245 | 0 | 0 |
_aCuestiones constitucionales : _brevista mexicana de derecho constitucional |
| 246 | 3 | 0 | _aRevista mexicana de derecho constitucional |
| 260 |
_aMéxico, D.F. : _bUniversidad Nacional Autónoma de México (UNAM). Instituto de Investigaciones Jurídicas, _c1999 |
||
| 300 |
_avolúmenes ; _c23 x 16 cm |
||
| 310 | _aSemestral | ||
| 362 | _aNúmero 11, (julio-diciembre 2004) - número 12 (enero-junio 2005) - número 13 (julio-diciembre 2005) - número 14 (enero-junio 2006) | ||
| 650 | 7 |
_2lemb _aDerecho |
|
| 650 | 7 |
_2lemb _aCiencias sociales |
|
| 650 | 7 |
_2lemb _aCiencia política |
|
| 650 | 7 |
_2lemb _aSociología |
|
| 651 | 7 |
_2lemb _aMéxico _xDerecho constitucional _9193164 |
|
| 655 | 7 |
_2lemb _aPublicaciones periódicas |
|
| 710 | 2 |
_aUniversidad Nacional Autónoma de México (UNAM). _bInstituto de Investigaciones Jurídicas _eautor _9199338 |
|
| 942 |
_2ddc _cCR |
||
| 999 |
_c113347 _d113347 |
||